BVG Berlin Tram-Linie M4 - Statistiken

Allgemein
  • Dieses Quiz wurde 7 mal gespielt
  • Das Durchschnittsergebnis liegt bei 20 aus 29
Antwortstatistiken
Stationen der M4 % Korrekt
Mollstraße/Otto Braun Straße
100%
S+U Alexanderplatz/Gontardstraße
100%
U Alexanderplatz
100%
Hohenschönhausen Zingsterstraße
86%
S Hackescher Markt
86%
Zingster Straße/Ribnitzerstraße
86%
Am Friedrichshain
71%
Buschallee
71%
Falkenberg
71%
Hansastraße/Buschallee
71%
Hufelandstraße
71%
Prerower Platz
71%
S Greifswalder Straße
71%
S Hohenschönhausen
71%
Weißer See
71%
Albertinenstraße
57%
Antonplatz
57%
Greifswalder Straße/Danziger Straße
57%
Greifswalder Straße/Ostseestraße
57%
Hansastraße/Malchower Weg
57%
Prendener Straße
57%
Spandauer Straße/Marienkirche
57%
Stadion Buschallee/Hansastraße
57%
Sulzfelder Straße
57%
Thomas-Mann-Straße
57%
Welsestraße
57%
Ahrenshooper Straße
43%
Feldtmannstraße
43%
Giersstraße
43%
Keine übereinstimmenden Quizze gefunden
Verteilung der Resultate
Anzahl Personen mit jedem Resultat
Perzentil nach korrekt beantworteten Fragen
Ihre Resultats-Entwicklung
Sie haben dieses Quiz noch nicht gespielt